000
00297nam a22001337a 4500
008
181022b xxu||||| |||| 00| 0 eng d
020
_a
9780965931571
041
_a
eng
080
_a
070
100
_a
30
101
_a
MED
245
_a
Down And Diry Pictures
_c
Biskind.p
942
_2
udc
_c
BK
999
_c
50462
_d
50462